Indiana Pacers NBA Finals Starters - Statistics

General Stats
  • This quiz has been taken 243 times
  • The average score is 3 of 5
Answer Stats
Season Player % Correct
2000 Reggie Miller
100%
2000 Rik Smits
77%
2000 Mark Jackson
75%
2000 Jalen Rose
48%
2000 Dave Davis
46%
No matching quizzes found
Score Distribution
Percent of People with Each Score
Percentile by Number Answered
Your Score History
You have not taken this quiz